Statistiken für Bevölkerungswachstum in asiatischen Ländern im Jahr 2100

Klicken Sie hier um das Quiz zu spielen!

Allgemein

  • Dieses Quiz wurde 33 mal gespielt
  • Das Durchschnittsergebnis liegt bei 6 aus 7

Antwortstatistiken

BevölkerungswachstumsrateLand% Korrekt
+0.39%Israel
87%
+0.02%Kasachstan
84%
+0.09%Katar
81%
+0.22%Kuwait
81%
+0.09%Mongolei
81%
+0.38%Tadschikistan
81%
+0.01%Kirgisistan
77%

Verteilung der Resultate

Perzentil nach korrekt beantworteten Fragen

Anzahl Personen mit jedem Resultat

Ihre Resultats-Entwicklung

Sie haben dieses Quiz noch nicht gespielt